Kāpurusha : (sampūrṇa nāṭaka) /

Saved in:
Bibliographic Details
Main Author: Trivedī, Pramoda, 1942-
Format: Book
Language:Hindi
Published: Dillī : Paṅkaja Prakāśana, 1980.
Edition:1. Saṃskaraṇa.
LEADER 00818nam a2200229 a 4500
001 c000161921
003 CARM
005 19850925000000.0
008 850930s1980 ii 000 0 hin d
019 1 |a 3904869  |5 LACONCORD2021 
035 |a (OCoLC)216331849  |5 LACONCORD2021 
040 |a VU  |b eng  |c VU 
082 1 4 |a 891.43/2/7  |2 19 
100 1 |a Trivedī, Pramoda,  |d 1942- 
245 1 0 |a Kāpurusha :  |b (sampūrṇa nāṭaka) /  |c Pramoda Trivedī. 
250 |a 1. Saṃskaraṇa. 
260 |a Dillī :  |b Paṅkaja Prakāśana,  |c 1980. 
300 |a 116 p. ;  |c 19 cm. 
500 |a In Hindi. 
852 8 |b CARM  |h A2:AG10H0  |i A02874  |p 0213619  |f BK 
999 f f |i bcb78a2a-8c82-589e-bdac-3cd29cac8c26  |s 3d43efd0-3ac1-5600-9e1e-4a57d02698b8 
952 f f |p Can circulate  |a CAVAL  |b CAVAL  |c CAVAL  |d CARM 1 Store  |e A02874  |f A2:AG10H0  |h Other scheme  |i book  |m 0213619